| 000 | 00849nam a22001815i 4500 | ||
|---|---|---|---|
| 001 | 102820 | ||
| 003 | ES-MaACL | ||
| 005 | 20230906183206.0 | ||
| 007 | t| | ||
| 008 | 950926b1872 sp ||||1| spa d | ||
| 040 |
_aCAM _bspa _cCAM |
||
| 100 | 1 |
_aEspejo y Becerra, Ramón M. de. _947803 |
|
| 245 | 1 | 0 |
_aTratado completo de sericultura _b: con los resultados prácticos de la aclimatación de la morera primitiva del norte de la China é importación de las semillas de gusanos de seda del Japón y del bombyx yama-maï ó gusano del roble y estudios sobre la producción artificial de la seda directamente de las hojas del moral sin el concurso del gusano / _cpor Ramón de Espejo y Becerra. |
| 260 |
_aMadrid : _bImprenta Nacional, _c1872. |
||
| 300 |
_a179 p. ; _c23 cm. |
||
| 650 | 4 |
_aSericicultura. _9136864 |
|
| 852 |
_aES-MaACL _jT-317-F-1 |
||
| 999 |
_c102820 _d102820 |
||